000 00554nam a2200181Ia 4500
005 20250508153206.0
008 008 250505s9999 xx 000 0 eng d
037 _aTextual
040 _aFEDL
_beng
_cFEDL
041 _aeng
_2eng
084 _a954.03, PAT
_qFEDL
100 _aPatra Atul Chandra
245 0 _aAdministration of justice under the East-India company in Bengal, Bihar and Orissa
260 _aBombay, India
_bAsia Publishing House
_c1962
300 _a233p.
942 _cTEXL
_h954.03, PAT
999 _c1341146
_d1341146